You can swim, Baby Duck! / Amy Hest ; illustrated by Jill Barton.
Baby Duck overcomes her fear of the water in order to make the swim team.
| LDR | 00758nam a2200217uu 4500 | ||
|---|---|---|---|
| 001 | 128627 | ||
| 003 | CONS | ||
| 005 | 20140703073304.0 | ||
| 008 | 051122s2005 000 eng u | ||
| 020 | . | ‡a0763627321 | |
| 035 | . | ‡a(CPomAG)LMN497778 | |
| 100 | 1 | . | ‡aHest, Amy. |
| 245 | 1 | 0. | ‡aYou can swim, Baby Duck! / ‡cAmy Hest ; illustrated by Jill Barton. |
| 260 | . | ‡aCambridge, Mass. : ‡bCandlewick Press, ‡c2005, c2002. | |
| 300 | . | ‡a1 v. (unpaged) : ‡bcolor illustrations ; ‡c26 cm. | |
| 520 | . | ‡aBaby Duck overcomes her fear of the water in order to make the swim team. | |
| 650 | 1. | ‡aDucks ‡vFiction. | |
| 700 | 1 | . | ‡aBarton, Jill. |
| 914 | . | ‡aScp_ds | |
| 959 | . | ‡i32269000756174 ‡lE Hes ‡aJuvenile - Easy ‡tEasy ‡g18.00 | |
| 852 | . | ‡p32269000756174 ‡jE Hes ‡gJuvenile - Easy ‡cEasy ‡y18.00 ‡bSBPL | |
| 901 | . | ‡a128627 ‡bUnknown ‡c128627 ‡tbiblio | |